|
|
|
|
| LEADER |
00000cam a2200000 7i4500 |
| 001 |
0000001614 |
| 005 |
20240912.0 |
| 008 |
240503 nyu a eng |
| 020 |
|
|
|a 0419128204 (paperback)
|
| 040 |
|
|
|a INS
|b eng
|e rda
|
| 090 |
0 |
0 |
|a RHD596
|b .C27 1983
|
| 100 |
1 |
|
|a Cadman, David ,
|e author
|
| 245 |
1 |
0 |
|a Property development
|c David Cadman, Leslie Austin-Growe
|
| 250 |
|
|
|a Second edition
|
| 264 |
|
1 |
|a New York :
|b E & R. N Spon
|c 1983
|
| 300 |
|
|
|a xiv, 268 pages :
|b illustrations ;
|c 22 cm.
|
| 336 |
|
|
|a text
|2 rdacontent
|
| 337 |
|
|
|a unmediated
|2 rdamedia
|
| 338 |
|
|
|a volume
|2 rdacarrier
|
| 500 |
|
|
|a Includes index
|
| 650 |
|
0 |
|a Real estate development
|z Great Britain
|
| 650 |
|
0 |
|a Real estate investment
|z Great Britain
|
| 650 |
|
0 |
|a Real property
|x valuation
|z Great Britain
|
| 650 |
|
0 |
|a Real property
|z Great Britain
|
| 700 |
1 |
|
|a Austin-Growe, Leslie ,
|e author
|
| 999 |
|
|
|a 0000001503
|b BOOK
|c Red Spot
|e Default branch
|